| 000 | 01009cab a2200217 4500 | ||
|---|---|---|---|
| 001 | X90129 | ||
| 008 | 090401t1998 xxu||||| |||| 00| 0 eng d | ||
| 035 | _a(Sirsi) u84579 | ||
| 041 | _aeng | ||
| 245 | _aPlatts v TSB Bank plc | ||
| 260 | _c1998 | ||
| 350 | _a0 | ||
| 490 |
_aNew Property Cases _v[1998] NPC 23(3) |
||
| 520 | _aCA 13 February 1998. Where receivers are challenged as to the price they can recover on the proposed sale of security, they act with skill and proprietary. Insolvency - bankruptcy - banking - statutory demand - equitable set-off - debtor had cross-claim against bank - whether equitable set-off of cross-claim meant that bank`s debt was disputed and unliquidated - Insolvency Act 1986 ss267(2), 268(1), 271(1) - Insolvency Rules 1986 r 65. HEADNOTE FROM JOURNAL - DO NOT PHOTOCOPY. | ||
| 650 | _aINSOLVENCY ACT 1986 | ||
| 650 | _aPLATTS V TSB BANK PLC | ||
| 650 | _aSTATUTORY DEMAND | ||
| 690 | _aPROPERTY LAW AND PRACTICE-CASE LAW | ||
| 942 | _n0 | ||
| 948 | _c27/02/1998 | ||
| 999 |
_c53162 _d53162 |
||